Učitavanje...

Nitrogen fixation and CO2 Metabolism : a steenbock symposoum in honour of profrssor Robert H Burris

Bibliografski detalji
Glavni autor: Luden, P.W
Format: Printed Book
Jezik:Undetermined
English
Izdano: Newyork Elsevier 1985
Teme:
LEADER 00661nam a2200193Ia 4500
008 140306s9999 xx 000 0 und d
020 |a 0444009531 
041 |a eng 
082 |a 589.9  |b LUD/NI 
100 |a Luden, P.W 
245 |a Nitrogen fixation and CO2 Metabolism : a steenbock symposoum in honour of profrssor Robert H Burris 
260 |a Newyork  |b Elsevier  |c 1985 
300 |a 445 
365 |b USD.289 
650 |a Bactreiology 
650 |a Nitrogen Fixation 
942 |2 ddc  |c BK 
999 |c 110753  |d 110753 
952 |0 0  |1 0  |2 ddc  |4 0  |6 589_900000000000000_LUDNI  |7 0  |9 108301  |a KAUHCV  |b KAUHCV  |d 2004-04-01  |g 289.00  |o 589.9 LUD/NI  |p KAU_HCV-21705  |r 2014-03-22  |w 2014-03-22  |y BK